000 00593nam a2200217Ia 4500
003 GCL
008 140319s9999 xx 000 0 ara d
040 _aGCL /
_cGCL
082 0 4 _a701.18
_bد ف
100 1 _aديرمية، ميشال
245 1 0 _aالفن والحس /
_cديرمية، ميشال
700 1 _aوجيه البعينى
260 _aبيروت :
_bدار الحداثة ،
_c1988
300 _a473 ص ؛
_c19 سم
490 _a
650 0 4 _aالنقد
650 0 4 _aالفلسفة
650 0 4 _aالفن
650 0 4 _aالتذوق الفنى
942 _2ddc
_cBK
999 _c58562
_d58562